The flight of thunderbolts /

Hlavní autor: Schonland, Basil Ferdinand Jamieson
Jazyk: Angličtina
Vydáno: Oxford : Clarendon Press, 1950
Témata:
Fyzický popis: 152 stran : ilustrace
Knihy
Uloženo v:
LEADER 01112nam a22003372i 4500
001 001480285
003 CZ BrMZK
005 20151103141532.0
007 ta
008 150721s1950 xxka er|||||||||||eng d
040 |a ABA007  |b cze  |d BOA001  |e rda 
072 7 |a 551  |x Geologie. Meteorologie. Klimatologie  |2 Konspekt  |9 7 
080 |a 551.594.21/.22  |2 MRF 
080 |a 621.316.98  |2 MRF 
080 |a 551.515.4  |2 MRF 
080 |a (0.062)  |2 MRF 
100 1 |a Schonland, Basil Ferdinand Jamieson  |4 aut 
245 1 4 |a The flight of thunderbolts /  |c by B.F.J. Schonland 
264 1 |a Oxford :  |b Clarendon Press,  |c 1950 
300 |a 152 stran :  |b ilustrace 
336 |a text  |b txt  |2 rdacontent 
337 |a bez média  |b n  |2 rdamedia 
338 |a svazek  |b nc  |2 rdacarrier 
650 0 7 |a blesky  |7 ph203148  |2 czenas 
650 0 7 |a hromosvody  |7 ph120863  |2 czenas 
650 0 7 |a bouřky  |7 ph124063  |2 czenas 
655 7 |a populárně-naučné publikace  |7 fd131864  |2 czenas 
910 |a BOA001  |b 2-0279.770 
990 |a BK 
991 |b 201507 
996 7 |b 2618873346  |c 2-0279.770  |l MZK  |r Sklad / do 24 hodin  |n 0  |w 001515312  |u 000010  |a 1  |e BOA001  |j MZK50  |s A